Groups of 4 - Statistics

General Stats
  • This quiz has been taken 110 times
  • The average score is 25 of 40
Answer Stats
Hint Answer % Correct
Venezuela
99%
Indiana
94%
US states starting with an I Idaho
93%
1-4 in spanish uno
93%
Beatles members John Lennon
92%
Backstroke
89%
Illinois
89%
dos
88%
Ringo Starr
88%
tres
88%
Paul McCartney
87%
Vietnam
87%
strokes in swimming Butterfly
85%
Iowa
85%
countries starting with V Vatican
84%
Breastroke
82%
George Harrison
80%
Freestyle
75%
Vanuatu
73%
Kenny McCormick
65%
Po
62%
what STEM stands for science
58%
technology
57%
first 4 perfect numbers 6
55%
math
55%
Tinky-Winky
55%
South Park main characters Eric Cartman
54%
cuatro
52%
Teletubbies Dipsy
51%
engineering
47%
Stan Marsh
43%
Laa-Laa
42%
28
39%
Kyle Broflovski
37%
Penguins of Madagascar Skipper
18%
Kowalski
13%
Private
13%
496
12%
8128
12%
Rico
11%
No matching quizzes found
Score Distribution
Percent of People with Each Score
Percentile by Number Answered
Your Score History
You have not taken this quiz